000 00713nam a2200205 i 4500
001 25312
003 ES-MaACL
005 20230906153233.0
007 t|
008 021223s1945 sp ||||1| spa d
100 1 _aArangio-Ruiz, Vincenzo.
_922300
245 1 4 _aLas acciones en el Derecho romano /
_cV. Arangio-Ruiz ; traducción de Faustino Gutiérrez-Alviz.
260 _aMadrid :
_bRevista de Derecho Privado,
_c[1945] (
_fPablo López)
300 _a146 p. ;
_c21 cm.
490 1 _aEstudios jurídicos varios. Serie A
700 1 _aGutiérrez-Alviz y Armario, Faustino.
_961088
830 0 _aEstudios jurídicos varios. Serie A
_9184109
852 _aES-MaACL
_jB-10289
_bR.21951
999 _c25312
_d25312